ඉස්ලාම් ධර්මය සහ පවුල් සැලසුම (Record no. 440)

MARC details
000 -LEADER
fixed length control field 007580000a22002170004500
003 - CONTROL NUMBER IDENTIFIER
control field LK-CoMWRAF
005 - DATE AND TIME OF LATEST TRANSACTION
control field 20231220113847.0
008 - FIXED-LENGTH DATA ELEMENTS--GENERAL INFORMATION
fixed length control field 230817t ||||| |||| 00| 0 eng d
020 ## - INTERNATIONAL STANDARD BOOK NUMBER
International Standard Book Number 9558087041
040 ## - CATALOGING SOURCE
Original cataloging agency LK-CoMWRAF
Modifying agency LK-CoMWRAF
Description conventions LK-CoMWRAF
041 ## - LANGUAGE CODE
Language code of text/sound track or separate title Sinhala; Sinhalese
082 ## - DEWEY DECIMAL CLASSIFICATION NUMBER
Classification number 297.577
Item number NAJ
942 ## - ADDED ENTRY ELEMENTS (KOHA)
Koha item type Books
100 ## - MAIN ENTRY--PERSONAL NAME
Personal name නජිමුදීන්, එම්.එල්
245 ## - TITLE STATEMENT
Title ඉස්ලාම් ධර්මය සහ පවුල් සැලසුම
246 ## - VARYING FORM OF TITLE
Title proper/short title Islam Dharmaya saha Pawul Selasum
260 ## - PUBLICATION, DISTRIBUTION, ETC. (IMPRINT)
Place of publication, distribution, etc. දර්ගා නගරය :
Name of publisher, distributor, etc. කවය (ස්ටඩි සර් කල්),
Date of publication, distribution, etc. 2001
300 ## - PHYSICAL DESCRIPTION
Extent පි.151
650 ## - SUBJECT ADDED ENTRY--TOPICAL TERM
Topical term or geographic name as entry element පවුල් සැලසුම්කරණය--ඉස්ලාම්
650 ## - SUBJECT ADDED ENTRY--TOPICAL TERM
Topical term or geographic name as entry element Sinhala
Holdings
Withdrawn status Lost status Damaged status Not for loan Permanent Location Current Location Date acquired Full call number Barcode Koha item type
        Resource center, Muslim Women's Research And Action Forum Resource center, Muslim Women's Research And Action Forum 2023-08-17 297.577 NAJ RAF1880 Books

Copyright © 2023 Muslim Women's Research and Action Forum (MWRAF), No 27/3, Anderson Road, Kalubowila, Dehiwela. Funded by The Asia Fundation